000 00550nam a2200181Ia 4500
005 20230606160143.0
008 131103s9999 xx 000 0 und d
020 _a8886843798
040 _aLoreto College
041 _aEnglish
082 _a937
_bIMP
245 _aImperial Rome and the St. Peter's Basilica
_b including transparent overlays of ancient Rome-Pompeii-Villa Adriana
_cedited by Lozzi Roma
260 _aNicolai
_bThe Editor
_c[19-?]
300 _a90 p.
_b col. ill.,+CD
504 _aIncludes index
850 _aLCLIB
942 _cBK
999 _c6219
_d56698